[Event "FAI-chT3A 2021"]
[Site "Faroe Islands"]
[Date "2021.01.10"]
[Round "1.2"]
[White "Gudmundsen, Torur"]
[Black "Debes, Ingolf"]
[Result "1/2-1/2"]
[WhiteElo "1595"]
[BlackElo "1659"]
[PlyCount "56"]
[EventDate "2021.01.10"]
[EventType "team-tourn"]
[EventRounds "5"]
[EventCountry "FAI"]
[SourceTitle "EXT 2022"]
[Source "ChessBase"]
[SourceDate "2021.10.06"]
[SourceVersion "1"]
[SourceVersionDate "2021.10.06"]
[SourceQuality "1"]
[WhiteTeam "Sandavagur IV"]
[BlackTeam "Vestmanna II"]
[WhiteTeamCountry "FAI"]
[BlackTeamCountry "FAI"]

1. f4 d5 2. d4 e6 3. Nf3 c5 4. e3 Nc6 5. Be2 Qb6 6. c3 Nge7 7. b3 Nf5 8. Bd3 Nd6 9. Nbd2 Be7 10. 0-0 Bd7 11. Kh1 Rc8 12. Ne5 cxd4 13. Nxc6 Bxc6 14. cxd4 Nb5 15. Bxb5 Bxb5 16. Rf2 Rc3 17. Nf3 0-0 18. Bd2 Rc7 19. Rc1 Rfc8 20. Rxc7 Qxc7 21. g3 Bd3 22. Ne1 Be4+ 23. Kg1 Ba3 24. h4 a5 25. Kh2 b6 26. Kg1 Qe7 27. Rh2 Bb4 28. Rf2 Ba3 1/2-1/2

[Event "FAI-chT3 1920"]
[Site "Faroe Islands"]
[Date "2019.11.03"]
[Round "3.3"]
[White "Holgarsson, Roi"]
[Black "Gudmundsen, Torur"]
[Result "1-0"]
[WhiteElo "1454"]
[BlackElo "1601"]
[PlyCount "45"]
[EventDate "2019.10.13"]
[EventType "team-tourn"]
[EventRounds "11"]
[EventCountry "FAI"]
[SourceTitle "CBM 195 Extra"]
[Source "ChessBase"]
[SourceDate "2020.05.31"]
[SourceVersion "1"]
[SourceVersionDate "2020.05.31"]
[SourceQuality "1"]
[WhiteTeam "Vestmanna II"]
[BlackTeam "Sandavagur IV"]
[WhiteTeamCountry "FAI"]
[BlackTeamCountry "FAI"]

1. e4 e5 2. Nf3 Nc6 3. Bc4 d6 4. h3 Be7 5. 0-0 Na5 6. Be2 h6 7. d4 exd4 8. Nxd4 Nf6 9. Nc3 Bd7 10. Bf4 a6 11. e5 dxe5 12. Bxe5 Nc6 13. Bg3 0-0 14. Re1 Nh7 15. Nxc6 Bxc6 16. Qxd8 Bxd8 17. Bc4 b5 18. Bb3 Bb7 19. Re2 c6 20. Bd6 Bf6 21. Bxf8 Bxc3 22. bxc3 Rxf8 23. Re7 1-0

[Event "FAI-chT3 1617"]
[Site "Faroe Islands"]
[Date "2017.03.05"]
[Round "8.1"]
[White "Joensen, Gunnar"]
[Black "Gudmundsen, Torur"]
[Result "1/2-1/2"]
[WhiteElo "1657"]
[BlackElo "1665"]
[PlyCount "79"]
[EventDate "2016.10.23"]
[EventType "team-tourn"]
[EventRounds "9"]
[EventCountry "FAI"]
[SourceTitle "EXT 2020"]
[Source "ChessBase"]
[SourceDate "2019.10.17"]
[SourceVersion "1"]
[SourceVersionDate "2019.10.17"]
[SourceQuality "1"]
[WhiteTeam "Kollafjordur II"]
[BlackTeam "Sandavagur IV"]
[WhiteTeamCountry "FAI"]
[BlackTeamCountry "FAI"]

1. Nf3 Nf6 2. c4 e6 3. g3 b6 4. Bg2 Bb7 5. 0-0 h5 6. d4 d6 7. Nc3 Qd7 8. b4 Be7 9. Bb2 Qc8 10. Re1 Nbd7 11. e4 Nh7 12. Rc1 Rb8 13. Rc2 0-0 14. a3 g6 15. Qd3 c6 16. d5 e5 17. dxc6 Bxc6 18. Nd5 Bxd5 19. cxd5 Qb7 20. Rec1 Rbc8 21. Bh3 Rxc2 22. Qxc2 Ng5 23. Nxg5 Bxg5 24. Qc7 Rb8 25. Rc6 Qxc7 26. Rxc7 Nf6 27. f3 Be3+ 28. Kf1 b5 29. Rc8+ Rxc8 30. Bxc8 Ne8 31. Ke2 Bb6 32. Bc1 Nc7 33. f4 f6 34. Be3 Bxe3 35. Kxe3 Kf7 36. h3 g5 37. Bd7 Ke7 38. Bc6 Kf7 39. f5 Ke7 40. h4 1/2-1/2

[Event "FAI-chT2 1415"]
[Site "Faroe Islands"]
[Date "2014.11.08"]
[Round "3.1"]
[White "Gudmundsen, Torur"]
[Black "Berg, Margar"]
[Result "1-0"]
[WhiteElo "1573"]
[BlackElo "1849"]
[PlyCount "75"]
[EventDate "2014.10.26"]
[EventType "team-tourn"]
[EventRounds "10"]
[EventCountry "FAI"]
[SourceTitle "CBM 163 Extra"]
[Source "ChessBase"]
[SourceDate "2014.12.23"]
[SourceVersion "1"]
[SourceVersionDate "2014.12.23"]
[SourceQuality "1"]
[WhiteTeam "Sandavagur III"]
[BlackTeam "Havnin III"]
[WhiteTeamCountry "FAI"]
[BlackTeamCountry "FAI"]

1. e4 c5 2. Nf3 d6 3. Bc4 e6 4. Nc3 Nc6 5. a3 b6 6. 0-0 Be7 7. d3 Bb7 8. Bd2 Nf6 9. Re1 0-0 10. Ba2 a6 11. Kh1 Qc7 12. Ng5 Nd4 13. Ne2 Nxe2 14. Qxe2 h6 15. Nh3 Nh7 16. f4 Rae8 17. Rf1 Bf6 18. c3 Qd7 19. Rab1 b5 20. Kg1 Be7 21. Qg4 d5 22. f5 Kh8 23. Nf4 Bg5 24. fxe6 Rxe6 25. Nxe6 fxe6 26. Rxf8+ Nxf8 27. Bxg5 hxg5 28. exd5 Bxd5 29. Bxd5 Qxd5 30. Rf1 Nd7 31. Qe4 Nf6 32. Qxd5 Nxd5 33. Re1 Nf4 34. Re3 e5 35. Rxe5 Nxd3 36. Rxg5 Nxb2 37. Rxc5 Nc4 38. Rxc4 1-0

[Event "FAI-chT2 1314"]
[Site "Torshavn"]
[Date "2014.01.12"]
[Round "5.4"]
[White "Stora, Borgar J"]
[Black "Gudmundsen, Torur"]
[Result "1/2-1/2"]
[WhiteElo "1300"]
[BlackElo "1616"]
[PlyCount "55"]
[EventDate "2013.10.27"]
[EventType "team-tourn"]
[EventRounds "10"]
[EventCountry "FAI"]
[SourceTitle "EXT 2019"]
[Source "ChessBase"]
[SourceDate "2018.10.10"]
[SourceVersion "1"]
[SourceVersionDate "2018.10.10"]
[SourceQuality "1"]
[WhiteTeam "Vestmanna II"]
[BlackTeam "Sandavagur II"]
[WhiteTeamCountry "FAI"]
[BlackTeamCountry "FAI"]

1. e4 e5 2. Nf3 Nc6 3. d3 Bc5 4. c3 d6 5. g3 Bg4 6. Bg2 Nf6 7. 0-0 h6 8. Qb3 Bb6 9. Nbd2 Nd7 10. Qc2 Qe7 11. Nc4 a6 12. Be3 Ba7 13. Bxa7 Nxa7 14. Ne3 Nf6 15. c4 Nc6 16. Nxg4 Nxg4 17. Qd2 Nd4 18. Nxd4 exd4 19. h3 Ne5 20. f4 Nc6 21. Rfe1 0-0 22. e5 Qd7 23. exd6 Qxd6 24. Bxc6 Qxc6 25. Re4 Qd7 26. Kg2 Qc6 27. Kf2 Qd7 28. Kg2 1/2-1/2

[Event "FAI-chT 1213"]
[Site "Faroe Islands"]
[Date "2013.03.09"]
[Round "10.4"]
[White "Gudmundsen, Torur"]
[Black "Heldarskard, Vagn"]
[Result "1/2-1/2"]
[WhiteElo "1604"]
[BlackElo "1460"]
[PlyCount "82"]
[EventDate "2012.10.28"]
[EventType "team-tourn"]
[EventRounds "10"]
[EventCountry "FAI"]
[SourceTitle "EXT 2014"]
[Source "ChessBase"]
[SourceDate "2013.11.20"]
[SourceVersion "1"]
[SourceVersionDate "2013.11.20"]
[SourceQuality "1"]
[WhiteTeam "Sandavagur II"]
[BlackTeam "Klaksvik II"]
[WhiteTeamCountry "FAI"]
[BlackTeamCountry "FAI"]

1. d4 d5 2. Nf3 e6 3. e3 f5 4. Nc3 Nf6 5. Bd3 Be7 6. Ne5 0-0 7. f4 Nbd7 8. 0-0 Nxe5 9. fxe5 Ng4 10. Ne2 c5 11. c3 Bg5 12. Rf3 c4 13. Bc2 Qe8 14. h3 Nh6 15. Nf4 Bd8 16. Ne2 Nf7 17. Bd2 Ng5 18. Rf4 Qg6 19. Kh2 Nf7 20. Ng3 Bg5 21. Rf1 Bh4 22. Be1 Bxg3+ 23. Bxg3 Qh6 24. Qf3 Bd7 25. Kg1 Ng5 26. Qe2 Qg6 27. Kh2 Kh8 28. Bd1 Ne4 29. Bf4 Be8 30. Bc2 Bd7 31. Bxe4 fxe4 32. Rf2 Qe8 33. Raf1 Rf5 34. Bg3 g6 35. Bh4 Qf7 36. g4 Rxf2+ 37. Qxf2 Qxf2+ 38. Rxf2 Kg8 39. Be7 Ba4 40. g5 Re8 41. Bd6 Bd1 1/2-1/2

[Event "FAI-chT3 1213"]
[Site "Faroe Islands"]
[Date "2013.01.19"]
[Round "4.1"]
[White "Gudmundsen, Torur"]
[Black "Debes, Ingolf"]
[Result "1-0"]
[WhiteElo "1604"]
[BlackElo "1563"]
[PlyCount "99"]
[EventDate "2012.10.28"]
[EventType "team-tourn"]
[EventRounds "7"]
[EventCountry "FAI"]
[SourceTitle "EXT 2014"]
[Source "ChessBase"]
[SourceDate "2013.11.20"]
[SourceVersion "1"]
[SourceVersionDate "2013.11.20"]
[SourceQuality "1"]
[WhiteTeam "Sandavagur IV"]
[BlackTeam "Vestmanna III"]
[WhiteTeamCountry "FAI"]
[BlackTeamCountry "FAI"]

1. d4 Nf6 2. c4 g6 3. Nf3 Bg7 4. Nc3 d6 5. e3 0-0 6. Be2 b6 7. b3 Bb7 8. Bb2 Nbd7 9. 0-0 e5 10. dxe5 dxe5 11. Qc2 Re8 12. Rad1 a6 13. h3 Qe7 14. Nd2 h5 15. Bf3 Bxf3 16. Nxf3 c6 17. Rd2 Nc5 18. Ba3 Nfd7 19. Rfd1 Qf6 20. Ne4 Nxe4 21. Qxe4 Nc5 22. Bxc5 bxc5 23. Rd6 Re6 24. Qxc6 Rae8 25. Qxa6 e4 26. Ne1 Qc3 27. Rxe6 Rxe6 28. Qc8+ Kh7 29. Qd8 Qb2 30. Qd2 Qa3 31. Qc2 Ra6 32. Qxe4 Qxa2 33. Nf3 Rf6 34. Qb1 Qa8 35. Rd5 Kh6 36. Qe4 Qa1+ 37. Kh2 Qf1 38. Qc2 Qa1 39. Rxc5 Qa7 40. Rd5 Ra6 41. b4 Ra2 42. Qe4 Qb8+ 43. Qf4+ Qxf4+ 44. exf4 Rxf2 45. b5 Rc2 46. c5 Rc4 47. c6 Rxf4 48. c7 Rc4 49. b6 Rc6 50. b7 1-0